Wsztkie zespoły piłkarskie z polski które grały kiedykolwiek w ekstrak - Statystyki

Ogólne statystyki
  • Ten quiz został rozwiązany 31 razy
    18 od ostatniego zresetowania
  • Średni wynik to 42 z 82
Statystyki odpowiedzi
Hint Odpowiedź % Poprawnych
Ekstraklasa Arka Gdynia
100%
Ekstraklasa Cracovia
94%
Ekstraklasa Gks Katowice
94%
Ekstraklasa Górnik Zabrze
94%
Ekstraklasa Lechia Gdańsk
94%
Ekstraklasa Legia Warszawa
94%
1 liga Łks łódź
94%
1 liga Odra Opole
94%
Ekstraklasa Pogoń Szczecin
94%
Ekstraklasa Widzew Łódź
94%
1 liga Wisła Kraków
94%
Ekstraklasa Wisła Płock
94%
Ekstraklasa Jagiellonia Białystok
88%
Ekstraklasa Korona Kielce
88%
Ekstraklasa Piast Gliwice
88%
1 liga Polonia Bytom
88%
1 liga Polonia Warszawa
88%
1 liga Śląsk Wrocław
88%
Ekstraklasa Zagłębie Lubin
88%
2 liga Zagłębie Sosnowiec
88%
1 liga Gks Tychy
81%
Ekstraklasa Lech Poznań
81%
Ekstraklasa Motor Lublin
81%
1 liga Ruch Chorzów
81%
Nie istnieje Amica Wronki
75%
4 liga małopolska Garbarnia kraków
75%
3 liga 1 Gks Bełchatów
75%
Okręgówka gr Wałbrzych Górnik Wałbrzych
75%
Ekstraklasa Radomiak Radom
75%
1 liga Stal Rzeszów
75%
Ekstraklasa Termalica
75%
2 liga Warta Poznań
75%
Ukraina Pogoń Lwów
69%
Ekstraklasa Raków Częstochowa
69%
1 liga Stal Mielec
69%
4 liga warmińsko mazurska Stomil Olsztyn
69%
4 liga Śląska Szombierki Bytom
69%
3 liga 2 Zawisza Bydgoszcz
69%
Okręgówka wielkopolska 1 Dyskobolia Grodzisk Wielkopolski
63%
1 liga Górnik Łęczna
63%
2 liga Podbeskidzie Bielsko-Biała
63%
2 liga Sandecja nowy Sącz
63%
Nie istnieje Gwardia Warszawa
56%
2 liga Hutnik Kraków
56%
3 liga 4 Siarka Tarnobrzeg
56%
B klasa gr Rybnik 2 Odra Wodzisław
50%
1 liga Puszcza Niepołomice
50%
4 liga Śląska Row Rybnik
50%
1 liga Miedź Legnica
44%
4 liga Śląska Ruch Radzionków
44%
2 liga Stal stalowa Wola
44%
Okręgówka gr gdańsk 1 Bałtyk Gdynia
38%
2 liga Gks Jastrzębie
38%
3 liga 4 KSZO Ostrowiec świętokrzyski
38%
3 liga 3 Górnik Polkowice
31%
A klasa wielkopolska 3 gr Sokół Pniewy
31%
4 liga łódzka RKS Radomsko
25%
3 liga gr 1 Świt nowy dwór mazowiecki
25%
A klasa Katowice Aks Chorzów
19%
Okręgówka Śląska Rybnik Racibórz gr3 Górnik Radlin
19%
Nie istnieje Olimpia Poznań
19%
4 liga podkarpacka Igloopol Dębica
13%
Okręgówka kujawsko pomorska 1 Polonia Bydgoszcz
13%
5 liga Śląska grupa 1 Szczakowianka Jaworzno
13%
Okręgówka zachodniopomorska 2 Arkonia Szczecin
6%
Nie istnieje Czarni lwów
6%
Nie istnieje Dąb Katowice
6%
B klasa Katowice Fc Katowice
6%
5 liga Śląska grupa 1 Śląsk Świętochłowice
6%
Okręgówka Śląska Rybnik Racibórz gr3 Unia Racibórz
6%
Nie istnieje Warszawianka warszawa
6%
Nie istnieje Hasmonesa lwów
0%
Nie istnieje Jutrzenka Kraków
0%
Nie istnieje Klub turystów łódź
0%
Nie istnieje Lechia lwów
0%
Nie istnieje Łtsg łodź
0%
A klasa Kraków gr 3 Podgórze Kraków
0%
A klasa rybnik 1 Rymer Rybnik
0%
Nie istnieje Śmigły wilno
0%
4 liga opolska 1 Stal brzeg
0%
5 liga małopolska Tarnovia Tarnów
0%
B klasa Kraków 2 Wawel Kraków
0%
Nie znaleziono quizów pasujących do podanych kryteriów
Rozkład punktacji
Procent ludzi z każdym wynikiem
Percentyl według liczby udzielonych odpowiedzi
Twoja historia wyników
Nie rozwiązałeś tego quizu od ostatniego zresetowania